000 01458nam a2200373 i 4500
003 DO-SdBNP
005 20260604133012.0
007 ta
008 240422s2007 dr c 000 j spa d
020 _a9789993462750
040 _aDO-SdBNP
_bspa
_cBNPHU
_erda
041 _aspa
082 4 _a172
_bM971
_222
100 1 _aMuñoz González, Roberto,
_d1952 -
_eautor
_4aut.
_922959
245 1 3 _aEl Ché :
_bdimensión ética y humanista /
_cRoberto Muñoz González ; presentación, Ivan Rodríguez ; prólogo, Alfonso Torres Ulloa
264 4 _aSanto Domingo, D.N., Rep. Dominicana :
_bEditora Universitaria-UASD,
_c©2007.
300 _a159 páginas :
_bfoto ;
_c21 cm.
336 _atexto
_btxt
_2rdacontent
337 _asin mediación
_bn
_2rdamedia
338 _avolumen
_bnc
_2rdacarrier
490 _aPublicaciones de la Universidad Autónoma de Santo Domingo ;
_v1324
490 _aEstudios sociales ;
_v24
500 _aIncluye datos biografícos del autor en la contracubierta.
504 _aBibliografía : páginas 141-155
590 _aInventariado, 2024/ YL
600 _aGuevara, Che,
_d1928-1967
_973110
_xPensamiento político y social
650 7 _2armarc
_aRevolucionarios
_96063
650 7 _2armarc
_aÉtica política
_91332
650 7 _2armarc
_aHumanismo
_933685
700 _aRodríguez, Ivan
_958621
_4pr.
_eprologuista
700 _aTorres Ulloa, Alfonso,
_eprologuista
_4pr.
_958620
910 _aYLockward
942 _2ddc
_cLBS1
999 _c56473
_d56473